000 00965nam a2200301Ia 4500
001 53329
003 IT-RoPAU
008 130308s9999 xx 000 0 und d
040 _aIT-RoPAU
040 _cIT-RoPAU
041 _aITALIANO
100 _aBaragli Enrico
100 _gCodice Aut. SPICS: 9603
245 _aOrientamenti tra il passato e il futuro (Gli)
245 _bSeminarium-Instrumenta Communicationis Socialis in Formatione Sacerdotali (N.4 Ottobre-Dicembre 1986)
250 _a1a ed.
260 _aCITTA' DEL VATICANO
260 _bVaticana
260 _c1986 [1° Ed.:1986 - Ed.Ling.Originale:1986]
300 _a"29 p. (prefazione: no ; testo: 29 [pagine: 901-929])"
500 _aDalla tutela Difensiva Alla promozione dei Valori Precisazioni Terminologico Concettuali
650 _aSAGGI TEOLOGIA COMUNICAZIONE SOCIALE
650 _eCodice materia Spics: 9211
942 _cBK
957 _71
999 _c38300
_d38300
999 _bSI
999 _g1